| 000 | nam a22 7a 4500 | ||
|---|---|---|---|
| 999 |
_c28802 _d28802 |
||
| 008 | 170322b xxu||||| |||| 00| 0 eng d | ||
| 020 | _a671211188 | ||
| 050 | _aE 302.6 .C43 1971 | ||
| 100 | _aGaulle, Charles De. | ||
| 245 |
_aCharles De Gaulle Memoirs of Hope : _bRenewal and Endeavor / _cGaulle Charles De. |
||
| 260 |
_aNew York : _bSimon and Schuster , _c1971 . |
||
| 300 |
_a392p. : _bill. ; |
||
| 500 | _aincludes index | ||
| 942 |
_2lcc _cBOOKS _hE 302.6 .C43 1971 |
||